| 000 | 00700nam a22002057a 4500 | ||
|---|---|---|---|
| 999 |
_c158565 _d158565 |
||
| 005 | 20181106143500.0 | ||
| 010 | _aENG-124498 | ||
| 020 |
_a9789387871779 _c175.00 |
||
| 035 | _aEN-108030 | ||
| 037 | _bDBAD/PUB | ||
| 082 | _a332 | ||
| 100 | _aJebadurai, D.Joel | ||
| 245 |
_aFinancial markets and services / _cby D.Joel Jebadurai...[et.all.] |
||
| 260 |
_aMadurai (Tamil Nadu) _bShanlax Publications _c2018 |
||
| 270 |
_a61, T.P.K. Main road, Vasantha Nagar, _bMadurai (Tamil Nadu) _e625003 |
||
| 300 |
_a204p. _c24cm(pbk) |
||
| 500 | _a(For the course of B.COM, M.COM Students of Universities and Colleges) | ||
| 700 | _aJebadurai, D. Joel | ||
| 942 |
_2ddc _cEN _h332 _mJEB |
||